|
|
|
|
| LEADER |
00000cam a2200000 a 4500 |
| 001 |
vtls009797527 |
| 003 |
SK-MaSNL |
| 005 |
20260331204724.0 |
| 008 |
251120s2007 xo a rj f000 0 slo |
| 013 |
|
|
|a 285679
|b ja
|c patent
|d 20070607
|e dátum nadobudnutia účinkov patentu (Vestník ÚPV SR č.: 6/2007)
|d 20070516
|e dátum sprístupnenia patentu
|
| 013 |
|
|
|a 1091-2001
|e číslo prihlášky
|d 20000202
|e dátum podania prihlášky
|d 20020205
|e dátum zverejnenia prihlášky (Vestník ÚPV SR č.: 02/2002)
|
| 013 |
|
|
|a 11/27030
|e číslo prioritnej prihlášky
|d 19990204
|e dátum podania prioritnej prihlášky
|b JP
|e kód krajiny prioritnej prihlášky
|
| 015 |
|
|
|a SNBN2014
|
| 035 |
|
|
|a (SVKBBclas03)vtls000263522
|
| 040 |
|
|
|a SNK
|b slo
|c SNK
|e AACR2
|
| 041 |
0 |
|
|a slo
|
| 044 |
|
|
|a xo
|c SK
|
| 072 |
|
7 |
|a 547
|x Organická chémia
|2 konspekt
|
| 072 |
|
7 |
|a 615
|x Farmácia. Farmakológia
|2 konspekt
|
| 072 |
|
7 |
|a 616
|x Patológia. Klinická medicína
|2 konspekt
|
| 080 |
|
|
|a 547.1-3
|2 2001
|
| 080 |
|
|
|a 615.2/.3
|2 2001
|
| 080 |
|
|
|a 616.32/.37
|2 2001
|
| 084 |
|
|
|a C07D 211/00
|2 IPC
|
| 084 |
|
|
|a A61K 31/4468
|2 IPC
|
| 084 |
|
|
|a A61P 1/00
|2 IPC
|
| 100 |
1 |
|
|a Kato, Hideo
|4 org
|9 320764
|
| 245 |
1 |
0 |
|a Derivát benzamidu, liečivo s jeho obsahom a ich použitie
|c Hideo Kato, Noriyuki Kado, Jun Sakaguchi ; patent. zást. Eva Bušová
|
| 260 |
|
|
|a [Banská Bystrica]
|b Úrad priemyselného vlastníctva SR
|c [2007]
|
| 300 |
|
|
|a 7 s.
|b tab.
|c 30 cm
|
| 650 |
0 |
7 |
|a organické zlúčeniny
|2 SNKPH
|9 4318
|
| 650 |
0 |
7 |
|a liečivá
|2 SNKPH
|9 2452
|
| 650 |
0 |
7 |
|a Organic compounds
|2 SNKPHeng
|9 306924
|
| 650 |
0 |
7 |
|a Medicaments
|2 SNKPHeng
|9 275427
|
| 650 |
0 |
7 |
|a choroby tráviaceho ústrojenstva
|2 SNKPH
|9 67999
|
| 650 |
0 |
7 |
|a Alimentary tract diseases
|2 SNKPHeng
|9 320765
|
| 655 |
|
7 |
|a patenty
|2 SNKPH
|9 177343
|
| 655 |
|
7 |
|a patent licenses
|2 SNKPHeng
|9 303430
|
| 700 |
1 |
|
|a Kado, Noriyuki
|4 org
|9 320766
|
| 700 |
1 |
|
|a Sakaguchi, Jun
|4 org
|9 320767
|
| 700 |
1 |
|
|a Bušová, Eva
|4 oth
|9 297878
|
| 710 |
2 |
|
|a Abbott Japan Co., Ltd. (Tokio, Japonsko)
|4 pth
|9 320768
|
| 958 |
|
|
|a JP
|
| 999 |
|
|
|c 572670
|d 574600
|
| 952 |
|
|
|a SNK
|b SNK
|y PREZ
|7 0
|p 17A1119046
|o snkSK 285679
|i snk2014/23927
|8 0
|0 0
|1 0
|4 0
|d 2014-11-03
|l 0
|r 2026-02-23 14:21:55
|w 2026-02-23
|